The nature of nursing : (Record no. 7850)
[ view plain ]
| 000 -LEADER | |
|---|---|
| fixed length control field | 01080nam a2200253 a 4500 |
| 001 - CONTROL NUMBER | |
| control field | 3001102 |
| 005 - DATE AND TIME OF LATEST TRANSACTION | |
| control field | 20251028125140.0 |
| 008 - FIXED-LENGTH DATA ELEMENTS--GENERAL INFORMATION | |
| fixed length control field | 930209r19911966nyua 000 0 eng |
| 020 ## - INTERNATIONAL STANDARD BOOK NUMBER | |
| International Standard Book Number | 0887374948 |
| 020 ## - INTERNATIONAL STANDARD BOOK NUMBER | |
| International Standard Book Number | 9780887374944 |
| 050 00 - LIBRARY OF CONGRESS CALL NUMBER | |
| Classification number | RT84.5 |
| Item number | .H46 1991 |
| 082 00 - DEWEY DECIMAL CLASSIFICATION NUMBER | |
| Classification number | 610.73 |
| Edition information | 20 |
| 100 1# - MAIN ENTRY--PERSONAL NAME | |
| Personal name | Henderson, Virginia. |
| 245 14 - TITLE STATEMENT | |
| Title | The nature of nursing : |
| Remainder of title | a definition and its implications for practice, research, and education : reflections after 25 years / |
| Statement of responsibility, etc. | Virginia A. Henderson. |
| 260 ## - PUBLICATION, DISTRIBUTION, ETC. | |
| Place of publication, distribution, etc. | New York : |
| Name of publisher, distributor, etc. | National League for Nursing Press, |
| Date of publication, distribution, etc. | c1991. |
| 300 ## - PHYSICAL DESCRIPTION | |
| Extent | xii, 116 p. : |
| Other physical details | ill. ; |
| Dimensions | 23 cm. |
| 500 ## - GENERAL NOTE | |
| General note | "Contents grew out of a Clare Dennison memorial lecture at the University of Rochester School of Nursing ... 1964. A condensed version was published in The American journal of nursing in August, 1964." |
| 500 ## - GENERAL NOTE | |
| General note | Reprint. Previously published: Macmillan, 1966. |
| 500 ## - GENERAL NOTE | |
| General note | "Library tools for nursing": p. 100-110. |
| 500 ## - GENERAL NOTE | |
| General note | "Pub. no. 15-2346." |
| 650 #0 - SUBJECT ADDED ENTRY--TOPICAL TERM | |
| Topical term or geographic name entry element | Nursing |
| General subdivision | Philosophy. |
| 650 #0 - SUBJECT ADDED ENTRY--TOPICAL TERM | |
| Topical term or geographic name entry element | Nursing |
| General subdivision | Study and teaching. |
| 942 ## - ADDED ENTRY ELEMENTS (KOHA) | |
| Source of classification or shelving scheme | Library of Congress Classification |
| Koha item type | Books |
| Suppress in OPAC | No |
| 999 ## - | |
| -- | 7850 |
| -- | 7850 |
| Withdrawn status | Lost status | Source of classification or shelving scheme | Damaged status | Not for loan | Collection | Home library | Current library | Shelving location | Date acquired | Total checkouts | Full call number | Barcode | Date last seen | Copy number | Price effective from | Koha item type |
|---|---|---|---|---|---|---|---|---|---|---|---|---|---|---|---|---|
| Library of Congress Classification | Non-fiction | Science Library (Miotso) | Science Library (Miotso) | General stacks | 10/28/2025 | RT84.5 .H46 HEN | SLM00004679 | 10/28/2025 | 1 | 10/28/2025 | Books |